Contempt of courts : (Record no. 155369)

MARC details
000 -LEADER
fixed length control field 00593nam a22001937a 4500
005 - DATE AND TIME OF LATEST TRANSACTION
control field 20180806150632.0
010 ## - LCCN (DPL NO)
LC control number ENG-123808
020 ## - INTERNATIONAL STANDARD BOOK NUMBER
International Standard Book Number 9788171772476
Terms of availability 1050.00
035 ## - SYSTEM CONTROL NUMBER
System control number EN-107340
037 ## - SOURCE OF ACQUISITION
Source of stock number/acquisition DBAD/PUB
082 ## - DEWEY DECIMAL CLASSIFICATION NUMBER
Classification number 354.540234
100 ## - MAIN ENTRY--PERSONAL NAME
Personal name De, Kumar Ranadhir
245 ## - TITLE STATEMENT
Title Contempt of courts :
Statement of responsibility, etc by Ranadhir Kumar De
Remainder of title law & practice /
260 ## - PUBLICATION, DISTRIBUTION, ETC. (IMPRINT)
Place of publication, distribution, etc Kolkata
Name of publisher, distributor, etc Eastern Law House Private Ltd.
Date of publication, distribution, etc 2012
270 ## - ADDRESS
Address 54 Ganesh Chunder Avenue,
City Kolkata
Postal code 700013
300 ## - PHYSICAL DESCRIPTION
Extent 687p.
Dimensions 24cm. (Hb)
500 ## - GENERAL NOTE
General note It includes index
942 ## - ADDED ENTRY ELEMENTS (KOHA)
Source of classification or shelving scheme Dewey Decimal Classification
Item type English Books
Classification part 345.540234
Call number suffix DER
Holdings
Withdrawn status Lost status Not for loan Collection code Home library Current library Date acquired Source of acquisition Cost, normal purchase price Full call number Barcode Copy number Cost, replacement price Koha item type
    Not For Loan Non-fiction D.B.Act.Division Bawana 03/08/2018 DBAD/PUB 1050.00 345.540234 DER EN-107340 1 1050.00 English Books

© Delhi Public Library
Hit Counter
free hit counter